{"text_format":"3","workbook":"xlsx","n_sheets":1,"sheets":["Estoque"],"read":"whole","date_system":"1900"}

{"sheet":"Estoque","index":0,"n_rows":21,"n_cols":8,"rows_kept":21,"merged":[[0,0,0,7],[12,0,12,6]]}
["CONTROLE DE ESTOQUE"]
[]
["CÃ³digo","Produto","Categoria","Estoque MÃ­n.","Estoque Atual","Unidade","PreÃ§o Unit.","Valor Total"]
["PROD001","Notebook Dell","InformÃ¡tica",5,12,"UN",3500,42000]
["PROD002","Mouse Logitech","InformÃ¡tica",10,8,"UN",150,1200]
["PROD003","Teclado MecÃ¢nico","InformÃ¡tica",8,15,"UN",450,6750]
["PROD004","Monitor LG 27\"","InformÃ¡tica",3,2,"UN",1200,2400]
["PROD005","Cadeira ErgonÃ´mica","MÃ³veis",2,5,"UN",800,4000]
["PROD006","Mesa EscritÃ³rio","MÃ³veis",2,1,"UN",600,600]
["PROD007","Papel A4","EscritÃ³rio",20,25,"RESMA",25,625]
["PROD008","Caneta EsferogrÃ¡fica","EscritÃ³rio",50,30,"UN",2.5,75]
[]
["TOTAL GERAL",{"$nulls":6},{"$f":"SUM(H4:H11)","v":null}]
[]
[]
["ALERTAS DE ESTOQUE"]
[null,"Produto","Estoque Atual","Estoque MÃ­n.","Status"]
[null,"Mouse Logitech",8,10,"ESTOQUE BAIXO"]
[null,"Monitor LG 27\"",2,3,"ESTOQUE BAIXO"]
[null,"Mesa EscritÃ³rio",1,2,"ESTOQUE BAIXO"]
[null,"Caneta EsferogrÃ¡fica",30,50,"ESTOQUE BAIXO"]